Указ ея императорскаго величества самодержицы всероссийской, (Запись № 10167857)

Подробности
000 -МАРКЕР
контрольное поле 05806nam0a22005651 4500
001 - ИДЕНТИФИКАТОР ЗАПИСИ
контрольное поле RU\NLR\UK\1416
005 - ИДЕНТИФИКАТОР ВЕРСИИ
контрольное поле 20260408065033.0
035 ## - ДРУГИЕ СИСТЕМНЫЕ НОМЕРА
Идентификатор записи (NLR Aleph) 009799213
100 ## - ДАННЫЕ ОБЩЕЙ ОБРАБОТКИ
Данные общей обработки 20260120 rusy50
101 0# - ЯЗЫК РЕСУРСА
Язык текста, звукозаписи и т.д. русский
102 ## - СТРАНА ПУБЛИКАЦИИ ИЛИ ПРОИЗВОДСТВА
Страна публикации Российская Федерация
105 ## - ПОЛЕ КОДИРОВАННЫХ ДАННЫХ: ТЕКСТОВЫЕ МАТЕРИАЛЫ, МОНОГРАФИЧЕСКИЕ
Кодированные данные о монографическом текстовом документе y n 000yy
135 ## - ПОЛЕ КОДИРОВАННЫХ ДАННЫХ: ЭЛЕКТРОННЫЕ РЕСУРСЫ
Кодированные данные для электронного ресурса crbn 001aaaba
200 1# - ЗАГЛАВИЕ И СВЕДЕНИЯ ОБ ОТВЕТСТВЕННОСТИ
Основное заглавие Указ ея императорскаго величества самодержицы всероссийской,
Сведения, относящиеся к заглавию [О позволении мастерам делать золотые и серебрянные вещи ниже 84-й пробы, однако ж не ниже 72-й пробы]
-- из Правительствующаго Сената объявляется всенародно.
210 ## - ПУБЛИКАЦИЯ, РАСПРОСТРАНЕНИЕ И ДР.
Место издания, распространения и т.д. Печатан в Санктпетербурге
Имя издателя, распространителя и т. д. при Сенате
Дата издания, распространения и т.д. ноября 25 дня 1779 года
215 ## - ФИЗИЧЕСКАЯ ХАРАКТЕРИСТИКА
Специфическое обозначение материала и объем [2] с.
Размеры
300 ## - ОБЩИЕ ПРИМЕЧАНИЯ
Текст примечания Указ Екатерины II от 25 нояб. 1779 г.
300 ## - ОБЩИЕ ПРИМЕЧАНИЯ
Текст примечания Текст напеч. на одной стороне листа
304 ## - ПРИМЕЧАНИЯ, ОТНОСЯЩИЕСЯ К ЗАГЛАВИЮ И СВЕДЕНИЯМ ОБ ОТВЕТСТВЕННОСТИ
Текст примечания Текст начинается словами: Ея императорское величество высочайшим указом, данным Сенату за собственноручным ея величества подписанием 5 сего ноября, всемилостивейше за благо признать соизволила: позволить всем здешним золотых и серебряных дел мастерам...
304 ## - ПРИМЕЧАНИЯ, ОТНОСЯЩИЕСЯ К ЗАГЛАВИЮ И СВЕДЕНИЯМ ОБ ОТВЕТСТВЕННОСТИ
Текст примечания Назв. указа дано по ПСЗ
304 ## - ПРИМЕЧАНИЯ, ОТНОСЯЩИЕСЯ К ЗАГЛАВИЮ И СВЕДЕНИЯМ ОБ ОТВЕТСТВЕННОСТИ
Текст примечания Слева от М.П.: Подлинный за подписанием Правительствующаго Сената
306 ## - ПРИМЕЧАНИЯ, ОТНОСЯЩИЕСЯ К ПУБЛИКАЦИИ, РАСПРОСТРАНЕНИЮ И ИСПОЛНЕНИЯ ИЗДАНИЯ
Текст примечания Вых. дан. указаны справа от М.П.
316 ## - ПРИМЕЧАНИЯ ОБ ОСОБЕННОСТЯХ ЭКЗЕМПЛЯРА
Текст примечания Экз. РНБ (135/331-76) является частью владельч. конволюта. Припл. к: [О правилах производства апелляционных дел]. - Печатан в Санктпетербурге: при Сенате, августа 7 дня 1762 года.
Организация и экземпляр, к которому относится поле NLR: 135/331-76
321 ## - ПРИМЕЧАНИЯ ОБ ОТДЕЛЬНО ИЗДАННЫХ УКАЗАТЕЛЯХ / РЕФЕРАТАХ / ССЫЛКАХ, ОТРАЖАЮЩИХ КАТАЛОГИЗИРУЕМЫЙ ДОКУМЕНТ
Примечания об указателях, рефератах, ссылках ПСЗ. Т.20. 14949
325 ## - ПРИМЕЧАНИЕ О КОПИИ
Текст примечания Копия доступна в Электрон. б-ке РНБ http://vivaldi.nlr.ru/lk000002852/view
482 #0 - ПРИПЛЕТЕНО К
Встроенное поле RU\NLR\BIBL_A\011719525
-- 2001#$aУказ ея императорскаго величества самодержицы всероссиискои,$e[О прекращении делания новой медной монеты, о вымене легковесных медных денег в казну, и о приеме серебра на монетные дворы с платежем по девятнадцати копеек с половиной за золотник]$fиз Правительствующаго Сената, объявляется во всенародное известие. В именном ее императорского величества высочайшем указе, за подписанием собственной руки сего 1767 года декабря от 21 дня, в Сенат написано: всемилостивейше повелевает ее императорское величество учредить особую коммисию...
-- 210##$aПечатан в Моске$cпри Сенате$dгенваря 27 дня, 1763 года
Заглавие Указ ея императорскаго величества самодержицы всероссиискои,
517 1# - ДРУГИЕ ВАРИАНТЫ ЗАГЛАВИЯ
Вариант заглавия О позволении мастерам делать золотые и серебрянные вещи ниже 84-й пробы, однако ж не ниже 72-й пробы
517 1# - ДРУГИЕ ВАРИАНТЫ ЗАГЛАВИЯ
Вариант заглавия Ея императорское величество высочайшим указом, данным Сенату за собственноручным ея величества подписанием 5 сего ноября, всемилостивейше за благо признать соизволила: позволить всем здешним золотых и серебряных дел мастерам...
518 1# - ЗАГЛАВИЕ В СТАНДАРТНОМ СОВРЕМЕННОМ ПРАВОПИСАНИИ
Основное заглавие, вариант заглавия или унифицированное заглавие Указ ее императорского величества самодержицы всероссийской
518 1# - ЗАГЛАВИЕ В СТАНДАРТНОМ СОВРЕМЕННОМ ПРАВОПИСАНИИ
Основное заглавие, вариант заглавия или унифицированное заглавие Ее императорское величество высочайшим указом, данным Сенату за собственноручным ее величества подписанием 5 сего ноября, всемилостивейше за благо признать соизволила: позволить всем здешним золотых и серебряных дел мастерам...
620 ## - МЕСТО И ДАТА ПУБЛИКАЦИИ, ИСПОЛНЕНИЯ И Т. Д.
Город Санкт-Петербург
702 #0 - ИМЯ ЛИЦА - ВТОРИЧНАЯ ОТВЕТСТВЕННОСТЬ
Код отношения Подписавшее лицо
Графика поля Кириллица
Материалы, к которым относится поле rus
Начальный элемент ввода Екатерина
Дополнения к именам, кроме дат императрица российская
Римские цифры II
Даты 1729-1796
Системный номер авторитетной/нормативной записи 112115
Идентификатор авторитетной/нормативной записи RU\NLR\AUTH\772098
710 01 - НАИМЕНОВАНИЕ ОРГАНИЗАЦИИ - ПЕРВИЧНАЯ ОТВЕТСТВЕННОСТЬ
Начальный элемент ввода Россия
Структурное подразделение Императрица
Идентифицирующий признак 1762-1796; Екатерина II
Системный номер авторитетной/нормативной записи 584929
Идентификатор авторитетной/нормативной записи RU\NLR\AUTH\8810042741
711 01 - НАИМЕНОВАНИЕ ОРГАНИЗАЦИИ - АЛЬТЕРНАТИВНАЯ ОТВЕТСТВЕННОСТЬ
Код отношения Подписавшее лицо
Начальный элемент ввода Россия
Структурное подразделение Сенат
Системный номер авторитетной/нормативной записи 392688
Идентификатор авторитетной/нормативной записи RU\NLR\AUTH\889948534
712 02 - НАИМЕНОВАНИЕ ОРГАНИЗАЦИИ - ВТОРИЧНАЯ ОТВЕТСТВЕННОСТЬ
Код отношения Печатник (типограф)
Начальный элемент ввода Сенатская типография
Идентифицирующий признак Петербург
Системный номер авторитетной/нормативной записи 375085
Идентификатор авторитетной/нормативной записи RU\NLR\AUTH\889940127
801 #0 - ИСТОЧНИК ЗАПИСИ
Страна Российская Федерация
Организация NLR
Дата составления 20030407
852 ## - МЕСТОНАХОЖДЕНИЕ И ШИФР ХРАНЕНИЯ
Идентификатор организации NLR
Шифр хранения (Call Number) 135/331-76
852 ## - МЕСТОНАХОЖДЕНИЕ И ШИФР ХРАНЕНИЯ
Идентификатор организации NLR
Шифр хранения (Call Number) 18.14.1.37-4-28
856 #0 - МЕСТОНАХОЖДЕНИЕ ЭЛЕКТРОННЫХ РЕСУРОВ И ДОСТУП К НИМ
Универсальный идентификатор ресурса (Uniform Resource Identifier) http://vivaldi.nlr.ru/lk000002852/view
856 #1 - МЕСТОНАХОЖДЕНИЕ ЭЛЕКТРОННЫХ РЕСУРОВ И ДОСТУП К НИМ
Универсальный идентификатор ресурса (Uniform Resource Identifier) http://vivaldi.nlr.ru/lk000002852/cover
856 #2 - МЕСТОНАХОЖДЕНИЕ ЭЛЕКТРОННЫХ РЕСУРОВ И ДОСТУП К НИМ
Универсальный идентификатор ресурса (Uniform Resource Identifier) http://vivaldi.nlr.ru/lk000002852/text
942 ## - ДОПОЛНИТЕЛЬНЫЕ ЭЛЕМЕНТЫ ЗАПИСИ (АБИС)
Тип экземпляра АБИС Книга
980 ## - КОЛЛЕКЦИЯ
Название коллекции Национальная библиография
980 ## - КОЛЛЕКЦИЯ
Название коллекции Русская книга гражданской печати XVIII в. в библиотеках РФ
980 ## - КОЛЛЕКЦИЯ
Название коллекции Указы
981 36 - КОЛЛЕКЦИЯ ЭЛЕКТРОННОЙ БИБЛИОТЕКИ
Название коллекции Цифровой репозиторий РНБ
981 16 - КОЛЛЕКЦИЯ ЭЛЕКТРОННОЙ БИБЛИОТЕКИ
Название коллекции Законодательные акты Российской империи

Нет доступных экземпляров.